000 00574nam a2200157 4500
001 133216
003 ES-MaACL
007 t|
008 070214s1952 sp r ||||1| spa d
100 1 _aRubio y Cambronero, Ignacio.
_9100454
245 1 3 _aEl Palacio de la Excma. Diputación Provincial de Barcelona /
_cpor el Dr. Ignacio Rubio y Cambronero.
260 _aBarcelona :
_bDiputación Provincial,
_c1952.
300 _a157 p., 35 lám. ;
_c24 cm +
_e1 plan. pleg.
710 2 _aBarcelona (Provincia).
_bDiputación Provincial.
_92148
852 _aES-MaACL
_jC-8717
_bR.34019
999 _c133216
_d133216